Six pays les plus proches - Qatar - Statistiques

Statistiques générales
  • Ce quiz a été pris 151 fois
  • Le résultat moyen est 4 sur 6
Statistiques - réponses
km pays % Correct
0 Arabie Saoudite
89%
31 Émirats Arabes Unis
88%
420 Oman
70%
1 Bahreïn
66%
379 Koweït
52%
187 Iran
51%
Aucun quiz correspondant
Distribution des résultats
% des personnes avec chaque résultat
Percentile par nombre de réponses
Votre historique - résultats
Vous n’avez pas pris ce quiz